MARC

LEADER 00000nam0a2200000 4500
001 240828
005 20231031205807.0
035 |a (RuTPU)RU\TPU\book\262088 
090 |a 240828 
100 |a 20130625d1937 m y0rusy50 ca 
101 0 |a rus 
102 |a RU 
105 |a a z 000zy 
200 1 |a Летающие модели самолетов  |f Э. Микиртумов 
210 |a Москва  |c Изд-во детской литературы  |d 1937 
215 |a 93 с.  |c ил. 
606 1 |a Самолеты  |2 stltpush  |3 (RuTPU)RU\TPU\subj\53611 
610 1 |a летающие модели 
610 1 |a модели 
610 1 |a постройка 
610 1 |a запуск 
610 1 |a схематические модели 
610 1 |a размеры 
610 1 |a фюзеляж 
675 |a 629  |v 3 
700 1 |a Микиртумов  |b Э. 
801 1 |a RU  |b 63413507  |c 20130625 
801 2 |a RU  |b 63413507  |c 20130816  |g RCR 
942 |c BK